MARC details
| 000 -LEADER |
| campo de control de longitud fija |
02019nam a2200325 i 4500 |
| 001 - NÚMERO DE CONTROL |
| campo de control |
155395 |
| 003 - IDENTIFICADOR DE NÚMERO DE CONTROL |
| campo de control |
ES-MaACL |
| 005 - FECHA Y HORA DE LA ÚLTIMA TRANSACCIÓN |
| campo de control |
20251114150738.0 |
| 008 - DATOS DE LONGITUD FIJA--INFORMACIÓN GENERAL |
| campo de control de longitud fija |
931025m17931794sp a |||| | spa d |
| 100 1# - ENTRADA PRINCIPAL--NOMBRE DE PERSONA |
| Nombre de persona |
Hervás, Lorenzo, |
| Fechas asociadas al nombre |
1735-1809 |
| 9 (RLIN) |
63423 |
| 245 10 - MENCIÓN DEL TÍTULO |
| Título |
Viage estático al mundo planetario, en que se observan el mecanismo y los principales fenómenos del Cielo; se indagan sus causas físicas, y se demuestran la existencia de Dios y sus admirables atributos / |
| Mención de responsabilidad, etc. |
obra del Abate D. Lorenzo Hervás y Panduro... ; tomo primero [-quarto]. |
| 246 3# - FORMA VARIANTE DEL TITULO |
| Título propio/Titulo breve |
Viaje estático al mundo planetario |
| 260 ## - PUBLICACIÓN, DISTRIBUCIÓN, ETC. |
| Lugar de publicación, distribución, etc. |
En Madrid : |
| Nombre del editor, distribuidor, etc. |
en la Imprenta de Aznar, |
| Fecha de publicación, distribución, etc. |
1793-1794. |
| 300 ## - DESCRIPCIÓN FÍSICA |
| Extensión |
4 v. ([20], XXXII, 280 [i.e. 272] p., [1] h. de lám., 1 h. de lám. pleg. ; [4], 292 p., [2] h. de lám. pleg. ; [20], 396 p., [1] h. de lám. pleg. ; [4], 323, [1] p.) ; |
| Dimensiones |
4º. |
| 530 ## - NOTA DISPONIBLE DE FORMULARIO FÍSICO ADICIONAL |
| Nota de formato físico adicional disponible |
Disponible en formato digital. |
| 596 ## - NOTA AL PIE DE IMPRENTA |
| NOTA AL PIE DE IMPRENTA |
Marca tip. en port. |
| 597 ## - NOTA DE DESCRIPCIÓN FÍSICA |
| NOTA DE DESCRIPCIÓN FÍSICA |
Sign.: [ ]², *-2*4, A-Z4, 2A-2P4 ; []4 ,B-Z4, 2A-2O4 ; [ ]², a-b4, A-Z4, 2A-2Z4, 3A-3C4, 3D² ; [ ]², A-Z4, 2A-2R4, 2S². |
| 597 ## - NOTA DE DESCRIPCIÓN FÍSICA |
| NOTA DE DESCRIPCIÓN FÍSICA |
Error de paginación en v. 1: de p. 200 pasa a p. 209. |
| 597 ## - NOTA DE DESCRIPCIÓN FÍSICA |
| NOTA DE DESCRIPCIÓN FÍSICA |
Texto con apostillas marginales y notas a pie de página. |
| 597 ## - NOTA DE DESCRIPCIÓN FÍSICA |
| NOTA DE DESCRIPCIÓN FÍSICA |
Cada v. con portada, paginación y sign. propias. |
| 599 ## - NOTA A LAS ILUSTRACIONES |
| NOTA A LAS ILUSTRACIONES |
Las láminas son grabados calcográficos: en v 1: retrato del autor, al pie consta: "Romo Dominic. Cardelli del., Jose fs. Ximeno sculpt. M.", y lám. plegada con sistema solar; en v. 2: Afroditografía o mapa de Venus; en v. 3: Selenografía o mapa lunar, al pie consta "M.B." |
| 650 07 - PUNTO DE ACCESO ADICIONAL DE MATERIA--TÉRMINO DE MATERIA |
| Término de materia o nombre geográfico como elemento de entrada |
Mecánica celeste |
| Fuente del encabezamiento o término |
embne |
| 9 (RLIN) |
14873 |
| 650 #7 - PUNTO DE ACCESO ADICIONAL DE MATERIA--TÉRMINO DE MATERIA |
| Término de materia o nombre geográfico como elemento de entrada |
Astronomía |
| Fuente del encabezamiento o término |
embne |
| 9 (RLIN) |
10386 |
| 651 #7 - PUNTO DE ACCESO ADICIONAL DE MATERIA--NOMBRE GEOGRÁFICO |
| Nombre geográfico |
Sistema solar |
| Fuente del encabezamiento o término |
|
| 9 (RLIN) |
172024 |
| 700 1# - ENTRADA AGREGADA--NOMBRE PERSONAL |
| Nombre de persona |
Cardelli, Domenico. |
| 9 (RLIN) |
126329 |
| 700 1# - ENTRADA AGREGADA--NOMBRE PERSONAL |
| Nombre de persona |
Jimeno, José, |
| Fechas asociadas al nombre |
1757-ca. 1807 |
| 9 (RLIN) |
157407 |
| 852 ## - LOCALIZACIÓN |
| Ubicación |
ES-MaACL |
| Número de control de estantería |
R-1374-77 |
| Nota libre |
- Enc. hol. |
| Encuadernación |
Olim: G-12580-83 |
| 856 ## - LOCALIZACIÓN Y ACCESO ELECTRÓNICOS |
| Identificador Uniforme de Recursos |
<a href="http://bdh-rd.bne.es/viewer.vm?id=0000015722&page=1 ">http://bdh-rd.bne.es/viewer.vm?id=0000015722&page=1 </a> |
| Nota pública |
Biblioteca Digital Hispánica |